000
00301 a2200145 4500
001
161647
020
_a
040
_c
Magnum
100
_a
Araujo, Elizabete Andrade
240
1
0
_a
Dona dor me visitou
_l
por
245
1
0
_a
Dona dor me visitou
362
0
_a
1899
697
_a
IJ/GERAL
942
_c
BK
999
_c
161647
_d
161647